000 01368nam a22002537a 4500
003 DO-SdBNP
005 20250116120725.0
007 ta
008 211028b2020 dr a|||| |||| 00| 0 spa d
020 _a9789945922110
040 _aDO-SdBNP
_bspa
_cBNPHU
100 1 _aTatem Brache, Yildalina
_975800
245 1 0 _aEstudio del marco legal para la protección de menores extranjeros no acompañados en República Dominicana /
_cYildalina Tatem Brache ; coordinadora Germania Estévez.
260 _aSanto Domingo :
_bINMRD,
_c2020.
300 _a77 p. :
_bil.;
_c23 cm.
500 _aIncluye referencias bibliográficas y notas al pie de las páginas
504 _aBibliografía : p. 75-77
505 0 _aIntroducción --
_tMetodología --
_t Análisis y aplicación del marco legal de protección de menores no acompañados separados de su familia --
_tBreve referencia del Sistema Interamericano de los Derechos Humanos --
_tRelación entre estándares internacionales en materia de protección de menores no acompañados y prácticas y procedimientos de las instituciones nacionales responsables de su protección --
_tHallazgos --
_tRecomendaciones.
590 _aInventariado, 2021 /LP
700 1 _aEstévez, Germania,
_ecoord.
_980379
710 1 0 _a Instituto Nacional de Migración (República Dominicana)
_975397
910 _aLopérez
942 _2ddc
_cLBS1
999 _c50824
_d50824